Mecánica
Gespeichert in:
| 1. Verfasser: | |
|---|---|
| Format: | Buch |
| Sprache: | Spanisch |
| Veröffentlicht: |
Madrid
Paraninfo
1999
|
| Ausgabe: | 3a. ed |
| Schlagworte: | |
| Tags: |
Tag hinzufügen
Keine Tags, Fügen Sie den ersten Tag hinzu!
|
MARC
| LEADER | 00000nam a2200000 a 4500 | ||
|---|---|---|---|
| 001 | UCP7800 | ||
| 003 | CL-VaPUC | ||
| 008 | 991223e19990000SP |||||||||||||||||spa|d | ||
| 082 | 0 | 4 | |a 620.1 |b GOM |2 21 |
| 100 | 0 | |a Gómez del Campo Bravo, Juan Carlos |e author |9 437381 | |
| 245 | 1 | 0 | |a Mecánica |
| 250 | |a 3a. ed | ||
| 300 | |a 390 p | ||
| 942 | |c BK | ||
| 945 | |d 19991223 00:00:00 |a vberengu | ||
| 260 | |a Madrid |b Paraninfo |c 1999 | ||
| 650 | 0 | |a Cinemática |9 260942 | |
| 650 | 7 | |a FUERZA MECANICA |2 CL-VaPUC |9 368215 | |
| 650 | 0 | |a Mecánica |9 260096 | |
| 650 | 0 | |a Resistencia de materiales |9 260095 | |
| 583 | |a last modification |c 19991223 00:00:00 |k Rodrigo Vera | ||
| 999 | |c 284845 |d 284843 | ||